LEADER 01866nam0 22004093i 450 001 VAN00282612 005 20251105024729.72 017 70$2N$a9783319662602 100 $a20241106d2017 |0itac50 ba 101 $aeng 102 $aCH 105 $a|||| ||||| 181 $ai$b e 182 $ab 183 $acr 200 1 $aAntibiotics and Antibiotics Resistance Genes in Soils$eMonitoring, Toxicity, Risk Assessment and Management$fMuhammad Zaffar Hashmi, Vladimir Strezov, Ajit Varma editors 210 $aCham$cSpringer$d2017 215 $aXVIII, 419 p.$cill.$d24 cm 410 1$1001VAN00282640$12001 $aSoil Biology$1210 $aCham$cSpringer$d2004-$v51 620 $aCH$dCham$3VANL001889 676 $a571.95$cEcotossicologia$v22 676 $a664.001579$cMicrobiologia alimentare$v22 702 1$aHashmi$bMuhammad Z.$3VANV195498 702 1$aStrezov$bVladimir$3VANV195501 702 1$aVarma$bAjit$3VANV017462 712 $aSpringer $3VANV108073$4650 790 1$aHashmi, Muhammad Zaffar$zHashmi, Muhammad Z.$3VANV195499 790 1$aHashmi, M. Z.$zHashmi, Muhammad Z.$3VANV195500 790 1$aHashmi, M.Z.$zHashmi, Muhammad Z.$3VANV200940 801 $aIT$bSOL$c20251107$gRICA 856 4 $uhttps://link.springer.com/openurl?genre=book&isbn=978-3-319-66260-2$zE-book - Accesso al full-text attraverso riconoscimento IP di Ateneo, proxy e/o Shibboleth 899 $aBIBLIOTECA DEL DIPARTIMENTO DI SCIENZE E TECNOLOGIE AMBIENTALI BIOLOGICHE E FARMACEUTICHE$1IT-CE0101$2VAN17 912 $fN 912 $aVAN00282612 950 $aBIBLIOTECA DEL DIPARTIMENTO DI SCIENZE E TECNOLOGIE AMBIENTALI BIOLOGICHE E FARMACEUTICHE$d17CONS e-book 178 $e17BIB178/33 33 20241106 996 $aAntibiotics and Antibiotics Resistance Genes in Soils$92234129 997 $aUNICAMPANIA LEADER 02199nam0 22004933i 450 001 VAN00304093 005 20260331110907.592 017 70$2N$a9789819630691 100 $a20260331d2025 |0itac50 ba 101 $aeng 102 $aSG 105 $a|||| ||||| 181 $ai$b e 182 $ab 183 $acr 200 1 $aBioremediation and Nanotechnology for Climate Change Mitigation$fArafat Abdel Hamed Abdel Latef, Ehab M. Zayed, Ahmad Alsayed Omar editors 210 $aSingapore$cSpringer$d2025 215 $aXIII, 652 p.$cill.$d24 cm 620 $aSG$dSingapore$3VANL000061 676 $a660.6$cBiotecnologia. Microbiologia applicata$v22 676 $a577$cEcologia$v22 676 $a579$cMicrobiologia$v22 676 $a363.728$cRifiuti$v22 676 $a363.73$cInquinamento generale$v22 702 1$aLatef$bArafat A. H. A.$3VANV260936 702 1$aOmar$bAhmad A.$3VANV260944 702 1$aZayed$bEhab M.$3VANV260941 712 $aSpringer $3VANV108073$4650 790 1$aLatef, Arafat Abdel Hamed Abdel$zLatef, Arafat A. H. A.$3VANV260937 790 1$aLatef, A. A. H. A.$zLatef, Arafat A. H. A.$3VANV260938 790 1$aLatef, A.A.H.A.$zLatef, Arafat A. H. A.$3VANV260939 790 1$aOmar, Ahmad Alsayed$zOmar, Ahmad A.$3VANV260945 790 1$aOmar, A. A.$zOmar, Ahmad A.$3VANV260946 790 1$aOmar, A.A.$zOmar, Ahmad A.$3VANV260947 790 1$aZayed, E. M.$zZayed, Ehab M.$3VANV260942 790 1$aZayed, E.M.$zZayed, Ehab M.$3VANV260943 801 $aIT$bSOL$c20260403$gRICA 856 4 $uhttps://link.springer.com/book/10.1007/978-981-96-3069-1$zE-book - Accesso al full-text attraverso riconoscimento IP di Ateneo, proxy e/o Shibboleth 899 $aBIBLIOTECA DEL DIPARTIMENTO DI SCIENZE E TECNOLOGIE AMBIENTALI BIOLOGICHE E FARMACEUTICHE$1IT-CE0101$2VAN17 912 $fN 912 $aVAN00304093 950 $aBIBLIOTECA DEL DIPARTIMENTO DI SCIENZE E TECNOLOGIE AMBIENTALI BIOLOGICHE E FARMACEUTICHE$d17CONS e-book 2405 $e17BIB2405/225 225 20260331 996 $aBioremediation and Nanotechnology for Climate Change Mitigation$94376809 997 $aUNICAMPANIA